Catálogo
 En Linea

13 poemas / (Registro nro. 9790)

Detalles MARC
000 -CABECERA
campo de control de longitud fija 00762cam a2200241 a 4500
001 - NÚMERO DE CONTROL
campo de control 000010031
005 - FECHA Y HORA DE LA ÚLTIMA TRANSACCIÓN
campo de control 20200929161817.0
008 - DATOS DE LONGITUD FIJA--INFORMACIÓN GENERAL
campo de control de longitud fija 880404s1987 ho 000 0 spa
040 ## - FUENTE DE LA CATALOGACIÓN
Centro catalogador/agencia de origen DO-SdBNP
Centro/agencia transcriptor DLC
Centro/agencia modificador DLC
082 ## - NÚMERO DE LA CLASIFICACIÓN DECIMAL DEWEY
Número de clasificación H861.44
Número de documento/Ítem S715t
049 ## - FONDOS LOCALES (OCLC)
Fondos de biblioteca BNGR
100 1# - ENTRADA PRINCIPAL--NOMBRE DE PERSONA
Nombre de persona Sosa, Roberto,
Fechas asociadas al nombre 1930-
9 (RLIN) 24988
245 10 - MENCIÓN DE TÍTULO
Título 13 poemas /
Mención de responsabilidad, etc. Roberto Sosa ; traducciones Joerg Witte, Beat Paul Sterchi.
250 ## - MENCIÓN DE EDICIÓN
Mención de edición Ed. bilingüe, español-alemán.
260 ## - PUBLICACIÓN, DISTRIBUCIÓN, ETC.
Lugar de publicación, distribución, etc. [Tegucigalpa?] :
Nombre del editor, distribuidor, etc. Hormiga Roja,
Fecha de publicación, distribución, etc. 1987.
300 ## - DESCRIPCIÓN FÍSICA
Extensión 35 p. ;
Dimensiones 22 cm.
650 #4 - PUNTO DE ACCESO ADICIONAL DE MATERIA--TÉRMINO DE MATERIA
Término de materia o nombre geográfico como elemento de entrada Poesía hondureña
9 (RLIN) 16914
650 #4 - PUNTO DE ACCESO ADICIONAL DE MATERIA--TÉRMINO DE MATERIA
Término de materia o nombre geográfico como elemento de entrada Literatura hondureña
9 (RLIN) 836
700 1# - PUNTO DE ACCESO ADICIONAL--NOMBRE DE PERSONA
Nombre de persona Witte, Joerg
Término indicativo de función/relación tr.
9 (RLIN) 24989
700 1# - PUNTO DE ACCESO ADICIONAL--NOMBRE DE PERSONA
Nombre de persona Sterchi, Beat Paul
Término indicativo de función/relación tr.
9 (RLIN) 24990
740 0# - PUNTO DE ACCESO ADICIONAL--TÍTULO RELACIONADO O ANALÍTICO NO CONTROLADO
Título relacionado o analítico no controlado Trece poemas.
910 ## - DATOS DE OPCIÓN DEL USUARIO (OCLC)
Datos de opción del usuario Catalogación por copia / LC
Existencias
Estado de retiro Estado de pérdida Restricciones de uso No para préstamo Código de colección Localización permanente Ubicación/localización actual Ubicación en estantería Fecha de adquisición Número de inventario Total de préstamos Signatura topográfica completa Código de barras Fecha visto por última vez Precio válido a partir de Tipo de ítem Koha
    Préstamo interno   Monografías: Libros y Folletos General General En catalogación 02.10.2009 LF1   H861.44 S715t 10031-10 25.06.2020 25.06.2020 Préstamo interno

Con tecnología Koha